000 00254nam a2200109Ia 4500
008 190216s9999||||xx |||||||||||||| ||und||
100 _aKesavadev P
245 0 _aAdhikaram
260 _bNbs Kottayam
650 _aMalayalam-Malayalam Nadakam
942 _cBK
999 _c24780
_d24780